000 00646cam a22002291 4500
001 he 68000521
003 DLC
005 20260227111454.0
008 840119s1967 is 000 0 heb
010 _ahe 68000521
035 _a(OCoLC)19150343
040 _aDLC
_cMH
_dDLC
042 _apremarc
050 0 0 _aPJ4545
_b.E45
100 1 _aAizenshṭadṭ, Shemuʼel,
_d1886-1970.
245 1 0 _aŚefatenu ha-ʻIvrit ha-ḥayah.
260 _aTel Aviv :
_bTeḳumah,
_c1967.
300 _a364 p. :
_bports. ;
_c22 cm.
500 _aAdded t.p.: Our living Hebrew language.
650 0 _aHebrew language
_xHistory.
752 _aIsrael
_dTel Aviv
999 _c32952
_d32952